| 000 | 00962nam a22002417a 4500 | ||
|---|---|---|---|
| 005 | 20240530110458.0 | ||
| 008 | 150617s2012 ua a f b 000 0 ara d | ||
| 017 |
_a2011/19740 _bمصر . دار الكتب المصرية |
||
| 020 | _a9789775029386 | ||
| 040 | _aEG-CaGPL | ||
| 082 | 0 | 4 |
_221 _a512.5\ _bم م |
| 100 | 0 | _aمحمد صفوت السيوفى | |
| 245 | 1 | 2 |
_aالمتجهات و الممتدات التطبيقية = Applied Vector and Tensor Analysis / _cمحمد صفوت السيوفى |
| 250 | _aط1 | ||
| 260 |
_aالقاهرة : _bدار الكتب العلمية للنشر و التوزيع ، _c2012 . |
||
| 300 |
_a471 ص : _bايض ؛ _c24 سم . |
||
| 504 | _aيشتمل على ارجاعات ببليوجرافية | ||
| 650 | 0 | 4 | _aالمتجهات ( رياضيات ) |
| 650 | 0 | 4 | _aالجبر |
| 650 | 0 | 4 |
_aالرياضيات _xالتحليل التوافقى |
| 942 |
_2ddc _cBK |
||
| 999 |
_c61413 _d61413 |
||